Missing Word: Former Countries Quiz Stats

 Plays Quiz Updated Apr 26, 2018

Score 0/18 Timer 04:00
0 Plays Today
Country Word % Correct
Ottoman ________Empire
93.3%
Holy ________ EmpireRoman
89.9%
________ of VietnamRepublic
78%
Republic of the ________ GrandeRio
71.3%
Orange ________ StateFree
61.6%
German ________ RepublicDemocratic
61.3%
Taiping Heavenly ________Kingdom
54.9%
________-Bolivian ConfederationPeru
41.2%
Free ________ of DanzigCity
36.3%
Country Word % Correct
Yemen ________ RepublicArab
28%
________ Republic of YugoslaviaFederal
27.8%
Polish-_________ CommonwealthLithuanian
27.1%
Persian ________ Socialist RepublicSoviet
26.5%
Kalmar ________Union
19.5%
________ of ZanzibarSultanate
12.9%
Free ________ of TriesteTerritory
10.9%
Tu'i ________ EmpireTonga
7.8%
________ of AragonCrown
5.6%

Today's Daily Dose

Missing Word
Sherlocks

Word Ladder
King of the Hill

Quick Pick
Songs in Pink

Get the Picture
NBA Teammates

You're not logged in!

Compare scores with friends on all Sporcle quizzes.
OR
Log In

Sporcle TV

Today on Sporcle TV


Watch our educational content, quiz creation guides, and fun videos on Sporcle TV.

Show Comments

Extras

Top Quizzes Today


Score Distribution

Your Account Isn't Verified!

In order to create a playlist on Sporcle, you need to verify the email address you used during registration. Go to your Sporcle Settings to finish the process.

Report this User

Report this user for behavior that violates our Community Guidelines.

Details: